Os Três Mosqueteiros​ / (Record no. 291)

MARC details
000 -LÍDER
campo de controle de tamanho fixo 01391nam a2200337 4500
001 - NÚMERO DE CONTROLE
campo de controle 291
003 - IDENTIFICADOR DO NÚMERO DE CONTROLE
campo de controle OSt
005 - DATA E HORÁRIO DA ÚLTIMA TRANSAÇÃO
campo de controle 20250528074017.0
008 - CAMPO DE DADOS FIXOS--INFORMAÇÃO GERAL
campo de controle de tamanho fixo 250317b |||||||e |||| 00| f eng d
040 ## - FONTE DA CATALOGAÇÃO
Idioma da catalogação por
041 ## - CÓDIGO DE IDIOMA
Código do idioma do original e/ou traduções intermediárias do texto fre
Código do idioma do texto/trilha sonora ou título diferente por
082 ## - CDD - CLASSIFICAÇÃO DECIMAL DE DEWEY
Número de Classificação 843
Número do exemplar D886t
100 1# - ENTRADA PRINCIPAL--NOME PESSOAL
Nome pessoal Dumas, Alexandre,
Datas associadas ao nome 1802-1870.
9 (RLIN) 555
240 ## - TÍTULO UNIFORME
Título uniforme Les Trois Mousquetaires
245 ## - TÍTULO
Título Os Três Mosqueteiros​ /
Indicação de responsabilidade, etc. Dumas, Alexandre ; Tradução de Octávio Mendes Cajado
250 ## - EDIÇÃO
Declaração de edição 2 ed.
260 ## - PUBLICAÇÃO, DISTRIBUIÇÃO, ETC.
Local de publicação, distribuição, etc. São Paulo
Nome do editor, distribuidor, etc. Abril
Data da publicação, distribuição, etc. 1971
300 ## - DESCRIÇÃO FÍSICA
Extensão 510 p.
490 1# - TÍTULO DA SÉRIE
Título da série Os Imortais da Literatura Universal
520 ## - NOTA DE RESUMO, ETC.
Resumo, etc. Os Três Mosqueteiros é um romance histórico que narra as aventuras de d'Artagnan, um jovem gascão que parte para Paris com o sonho de se tornar mosqueteiro do rei. Lá, ele conhece três mosqueteiros experientes — Athos, Porthos e Aramis — e juntos enfrentam intrigas políticas e desafios em nome da Coroa francesa. A obra explora temas como amizade, honra e coragem, sendo um clássico da literatura de capa e espada. ​<br/>
650 #0 - ASSUNTO--TERMO TÓPICO
Cabeçalho tópico ou nome geográfico Literatura francesa
9 (RLIN) 122
650 #0 - ASSUNTO--TERMO TÓPICO
Cabeçalho tópico ou nome geográfico Aventura
9 (RLIN) 47
650 #0 - ASSUNTO--TERMO TÓPICO
Cabeçalho tópico ou nome geográfico Amizade
9 (RLIN) 556
650 #0 - ASSUNTO--TERMO TÓPICO
Cabeçalho tópico ou nome geográfico Clássicos
9 (RLIN) 77
650 #0 - ASSUNTO--TERMO TÓPICO
Cabeçalho tópico ou nome geográfico Histórico
9 (RLIN) 53
655 #0 - TERMO DE ÍNDICE--GÊNERO E FORMA
Gênero/forma/ou termo foco Romance
655 #0 - TERMO DE ÍNDICE--GÊNERO E FORMA
Gênero/forma/ou termo foco Ficção
700 1# - ENTRADA ADICIONADA - NOME PESSOAL
Nome pessoal Cajado, Octávio Mendes,
Datas associadas ao nome 1915-
Função do autor por extenso TRADUTOR
9 (RLIN) 525
830 ## - ENTRADA SECUNDÁRIA DE SÉRIE--TÍTULO UNIFORME
Título uniforme Os Imortais da Literatura Universal
9 (RLIN) 461
Número do volume ou designação sequencial da série vol. 07
942 ## - ELEMENTOS DE ENTRADA ADICIONADOS (KOHA)
Fonte de classificação ou esquema de arquivamento Classificação decimal de Dewey
Ocultar no OPAC Não
Tipo de material Koha Livros
Holdings
Situação do descarte Situação das perdas Fonte de classificação ou esquema de arquivamento Status danificado Não pode ser emprestado Coleção Biblioteca de origem Biblioteca atual Localização na estante Data de aquisição Fonte de aquisição Total de empréstimos Número de chamada completo Código de barras Data de último acesso Data do preço efetivo Tipo de material Koha
    Classificação decimal de Dewey     Ficção Biblioteca Professor Eduardo Afonso de Castro Biblioteca Professor Eduardo Afonso de Castro Literatura Estrangeira 17.03.2025 doação   843 / D886t 2025-17245 17.03.2025 17.03.2025 Livros

Powered by Koha